Final solutions : (Record no. 37310)

MARC details
000 -LEADER
fixed length control field 00668nam a22002057a 4500
005 - DATE AND TIME OF LATEST TRANSACTION
control field 20221221104031.0
010 ## - LCCN (DPL NO)
LC control number ENG-96613 ENG-135915
020 ## - INTERNATIONAL STANDARD BOOK NUMBER
International Standard Book Number 8185753989
Terms of availability 120.00
035 ## - SYSTEM CONTROL NUMBER
System control number EN-80146
035 ## - SYSTEM CONTROL NUMBER
System control number EN-119447
037 ## - SOURCE OF ACQUISITION
Source of stock number/acquisition DBAD/PUB
082 ## - DEWEY DECIMAL CLASSIFICATION NUMBER
Classification number 883
100 ## - MAIN ENTRY--PERSONAL NAME
Personal name Dattani, Mahesh
245 ## - TITLE STATEMENT
Title Final solutions :
Statement of responsibility, etc by Mahesh Dattani, edited by Angelie Multani
Remainder of title text and criticism /
260 ## - PUBLICATION, DISTRIBUTION, ETC. (IMPRINT)
Place of publication, distribution, etc New Delhi
Name of publisher, distributor, etc Pencraft International
Date of publication, distribution, etc 2009.
270 ## - ADDRESS
Address B-1/41, Ashok Vihar II,
City New Delhi
Postal code 110052
Telephone number 23277084
Electronic mail address pencraft@nda.vsnl.net.in
300 ## - PHYSICAL DESCRIPTION
Extent 144p. ;
Dimensions 21cm. (pbk)
700 ## - ADDED ENTRY--PERSONAL NAME
Personal name Multani,Angelie
9 (RLIN) 879
942 ## - ADDED ENTRY ELEMENTS (KOHA)
Source of classification or shelving scheme Dewey Decimal Classification
Item type English Books
Call number suffix DAT
Classification part 883
Holdings
Withdrawn status Lost status Not for loan Collection code Home library Current library Date acquired Source of acquisition Cost, normal purchase price Full call number Barcode Copy number Cost, replacement price Koha item type
    Not For Loan Non-fiction D.B.Act.Division D.B.Act.Division 23/07/2010 DBAD/PUB 120.00 883 DAT EN-80146 1 120.00 English Books
      Non-fiction R.C.Libraries (zls) R.C.Libraries (zls) 21/12/2022 DBAD/PUB 120.00 883 DAT EN-119447 1 120.00 English Books

© Delhi Public Library
Hit Counter
free hit counter